| 000 | 00582nam a2200181 i 4500 | ||
|---|---|---|---|
| 001 | 16910 | ||
| 003 | ES-MaACL | ||
| 005 | 20250826082715.0 | ||
| 007 | t| | ||
| 008 | 001121s1986 sp ||||1| spa d | ||
| 080 | _a331.105.44(460) | ||
| 245 | 0 | 0 |
_aManifiesto en defensa del anarcosindicalismo _b: a propósito de la usurpación de las siglas CNT. |
| 260 |
_aMadrid : _bComité Nacional de la CNT, _c[1986?] |
||
| 300 |
_a12 p. ; _c22 cm. |
||
| 610 | 2 | 4 |
_aConfederación Nacional del Trabajo (España) _93165 |
| 852 |
_aES-MaACL _j2158-F-30 _bR.126941 |
||
| 999 |
_c16910 _d16910 |
||